Top 50 countries with the largest parliamentary bodies - Statistics

General Stats
  • This quiz has been taken 294 times
  • The average score is 35 of 50
Answer Stats
Rank # of Seats Answer % Correct
23 535 United States
97%
1 2,980 China
96%
2 1,443 United Kingdom
96%
5 790 India
95%
4 926 France
94%
6 778 Germany
92%
15 616 Russia
91%
20 594 Brazil
90%
33 413 Canada
90%
7 707 Japan
90%
14 626 Mexico
90%
18 607 Spain
90%
3 951 Italy
88%
8 692 Indonesia
85%
T-42 329 Argentina
84%
T-46 300 South Korea
82%
22 550 Turkey
81%
21 560 Poland
80%
50 290 Iran
79%
T-29 450 Ukraine
79%
T-29 450 Egypt
78%
31 446 Pakistan
77%
26 490 South Africa
77%
T-46 300 Greece
74%
27 469 Nigeria
74%
40 349 Sweden
74%
13 650 Thailand
73%
T-24 500 Vietnam
73%
49 292 Malaysia
71%
T-46 300 Bangladesh
67%
44 325 Iraq
67%
19 606 Algeria
66%
28 465 Romania
66%
12 655 Ethiopia
62%
45 321 Philippines
61%
32 416 Kenya
58%
10 665 Morocco
58%
9 687 North Korea
58%
11 664 Myanmar
56%
T-24 500 Sudan
54%
37 357 Tanzania
53%
17 608 D.R. Congo
51%
38 352 Afghanistan
49%
16 612 Cuba
47%
T-42 329 Somalia
40%
41 334 Nepal
38%
36 375 Uganda
38%
34 412 Yemen
28%
35 382 South Sudan
26%
39 350 Zimbabwe
25%
No matching quizzes found
Score Distribution
Percent of People with Each Score
Percentile by Number Answered
Your Score History
You have not taken this quiz